000 01903nas a22003735i 4500
001 1475-2859
003 DE-He213
005 20260304140527.0
007 cr nn 008mamaa
008 150723s||||||||xxkuu poo|||||| b|EN |d
022 _a1475-2859
024 7 _a12934
_2local
210 1 0 _aMicrob Cell Fact
245 1 0 _aMicrobial Cell Factories
_h[electronic resource] /
_cedited by Grzegorz Wegrzyn.
264 1 _aLondon :
_bBioMed Central :
_bImprint: BioMed Central.
300 _bonline resource.
520 _aMicrobial Cell Factories is an open access peer-reviewed journal that covers any topic related to the development, use and investigation of microbial cells as producers of recombinant proteins and natural products, or as catalyzers of biological transformations of industrial interest. Microbial Cell Factories is the world leading, primary research journal fully focusing on Applied Microbiology. The journal is divided into the following editorial sections: Metabolic engineering Synthetic biology Whole-cell biocatalysis Microbial regulations Recombinant protein production/bioprocessing Production of natural compounds Systems biology of cell factories Microbial production processes Cell-free systems.
650 0 _aIndustrial microbiology.
650 0 _aBiotechnology.
650 0 _aMicrobiology.
_9500
650 0 _aMicrobial genetics.
650 0 _aEnzymology.
650 0 _aBiotechnology.
650 1 4 _aIndustrial Microbiology.
650 2 4 _aBiotechnology.
650 2 4 _aMicrobiology.
_9500
650 2 4 _aMicrobial Genetics.
650 2 4 _aEnzymology.
650 2 4 _aChemical Bioengineering.
700 1 _aWegrzyn, Grzegorz.
_eeditor.
_4edt
_4http://id.loc.gov/vocabulary/relators/edt
_923970
710 2 _aSpringerLink (Online service)
856 4 0 _uhttps://microbialcellfactories.biomedcentral.com/
_zOpen Access
999 _c460484
_d460484